000 00610nam a2200241Ia 4500
003 OSt
005 20220924150056.0
006 a|||||r|||| 00| 0
007 ta
008 220923b |||||||| |||| 00| 0 tel d
020 _c25
024 _a331641
037 _cTextual
040 _aARTS
_cARTS
_btel
041 _2tel
_atel
082 _aO35,1m, N7
100 _aKrishnakumari Nayani
_9221196
245 0 _aVangmayi
_b journal of telugu studies
260 _c1997
650 _aTELUGU POETRY
942 _hO35,1m, N7
_cTEXL
_2CC
999 _c462104
_d462104